| 000 | nam a22 a 4500 | ||
|---|---|---|---|
| 999 |
_c1629 _d1629 |
||
| 003 | AKMAL | ||
| 005 | 20170511105008.0 | ||
| 008 | 170511s1987 si 00 eng d | ||
| 020 | _a0195826892 | ||
| 040 |
_aAKMAL _cAKMAL |
||
| 082 | 0 | 4 | _a324.2595 DAN |
| 090 | 0 | 0 |
_a324.2595 _bDAN |
| 100 | 1 |
_aDancz, Virginia H. _q(Virginia Helen) _93312 |
|
| 245 | 1 | 0 |
_aWomen and party politics in Peninsular Malaysia / _cVirginia H. Dancz |
| 260 |
_aSingapore : _bOxford University Press, _c1987 |
||
| 300 | 0 | 0 |
_axxii, 268p. ; _c26cm |
| 440 | 0 |
_aEast Asian social science monographs _93313 |
|
| 500 | _aJuga dalam Koleksi Malaysiana | ||
| 500 | _aBased on the doctoral dissertation entitled "Women's auxiliaries and party politics in Western Malaysia" submitted to Brandeis University in June 1980 | ||
| 504 | _aBibliography: p.[241]-262 | ||
| 610 | 2 | 0 |
_aWanita U.M.N.O. _93314 |
| 610 | 2 | 0 |
_aWanita M.C.A. _93315 |
| 650 | 0 |
_aWomen in politics _zMalaysia _93316 |
|
| 650 | 0 |
_aPolitical parties _zMalaysia _93084 |
|
| 651 | 0 |
_aMalaysia _xPolitics and government _944 |
|
| 942 |
_2ddc _cBOOK |
||